Personnages de Plus Belle La Vie - Statistiques

Statistiques générales
  • Ce quiz a été pris 1 168 fois
  • Le résultat moyen est 47 sur 100
Statistiques - réponses
Hint Réponse % Correct
Marci Thomas
96%
Torres Mirta
94%
Torres Luna
92%
Marci Roland
92%
Boher Jean-Paul
85%
Riva Gabriel
82%
Marci Blanche
81%
Nassri Samia
81%
Fedala Abdel
80%
Frémont Celine
80%
Chaumette Vincent
80%
Nebout Léa
79%
Leserman Nathan
78%
Nebout Patrick
78%
Torres Rudy
78%
Nebout Babeth
75%
Evenot Barbara
74%
Castelli Léo
74%
Fremont Charles
73%
Cantorel Estelle
73%
Leroux Jean-François
72%
Chaumette Ninon
72%
Leserman Guillaume
71%
Boher Lucie
69%
Marci Baptiste
68%
Sangha Djawad
68%
Marci François
68%
Marci Johanna
67%
Fedala Karim
67%
Belesta Kevin
66%
Rimez Emma
64%
Rinato Mélanie
63%
Ruiz Franck
62%
Malkavian Sacha
60%
Olivieri Anne
58%
Cassagne Benoît
58%
Ruiz Noé
58%
Carmin Jeanne
57%
Hersant Ariane
55%
Nebout Valentin
55%
Lissajoux Victoire
54%
Vitreuil Anémone
53%
Blain Coralie
50%
Carmin Élise
50%
Fremont Juliette
50%
Marci Lucas
50%
Cassagne Sybille
50%
Marci Thérèse
50%
Nebout Émilie
47%
Le Bihac Charlotte
46%
Nassri Malik
46%
Belesta Jérôme
45%
Cassagne Raphaël
44%
Bommel Théo
44%
Bailly Elsa
42%
Ibaldi Francesco
41%
Lévy Rachel
40%
Riva/Marci Mathis
39%
Norman Éric
38%
Malkavian Jonas
38%
Belesta Laëtitia
38%
Revel Xavier
37%
Tressère Ève
35%
Cendré Yolande
34%
Belesta Tom
32%
Bommel Antoine
31%
Prieur Zoé
31%
Cordonnier César
30%
Berger Nicolas
30%
Prieur Stéphane
30%
Legendre Wanda
30%
Douala Sara
29%
Mougin | Richet Claire
28%
Rinato Fabien
28%
Leconte Carol
26%
Lieber Margaux
24%
Valle Alison
23%
Robin Agathe
22%
Fava Caroline
22%
Cendré Jocelyn
21%
Paoletti Adrianna
20%
Mougin Océane
20%
Lesage Wendy
20%
Mougin Arnaud
19%
Rocha Claude
19%
Valle Milla
19%
Gosselin Sabrina
19%
Malkavian Seta
19%
Bommel Clément
18%
Bommel Delphine
16%
Bongor Mouss
16%
Madigan Vera
16%
Grangé Eugénie
15%
Revel Agnès
14%
Provin Alix
14%
Djellal Aïcha
12%
Galeano Andrès
8%
Valle Jennifer
8%
Leconte Valère
8%
Aucun quiz correspondant
Distribution des résultats
% des personnes avec chaque résultat
Percentile par nombre de réponses
Votre historique - résultats
Vous n’avez pas pris ce quiz